Nine Vicious - Emotions - Statistics

General Stats
  • This quiz has been taken 31 times
  • The average score is 14 of 23
Answer Stats
# Emotions % Correct
2 Amazing
94%
5 Fashion Killa
83%
4 Rolling Loud
83%
8 Trevon O'Ryan Echols
83%
1 Talk About It
78%
23 Blowing Emotions
72%
6 Purple Swag
72%
20 Electric Feel
67%
3 Posing Tonight
67%
11 Project4play/Svj
67%
9 Vivienne Westwood / RIP
61%
7 Clock It
56%
22 Forgot
56%
19 Italy
56%
15 My Whole Heart
56%
10 Want U
56%
16 Julia
50%
18 Love Album
50%
17 Need
50%
13 Sunset Hill
50%
21 Lifes Funny
44%
14 U Dig Det
39%
12 Molly Ecstacy
33%
No matching quizzes found
Score Distribution
Percent of People with Each Score
Percentile by Number Answered
Your Score History
You have not taken this quiz